[Event "XII C.to NATO"]
[Site "Sanremo ITA"]
[Date "2001.10.08"]
[Round "1"]
[White "Donati, Roberto"]
[Black "Wantiez, Fabrice"]
[Result "1/2-1/2"]
[WhiteElo "1900"]
[BlackElo "2222"]
[PlyCount "96"]
[EventDate "2001.10.08"]

1. d4 Nf6 2. Nf3 g6 3. g3 Bg7 4. c3 d6 5. Bg2 Nbd7 6. b3 O-O 7. O-O Ne4 8. Bb2
f5 9. Qc2 e5 10. e3 g5 11. Nfd2 Nxd2 12. Nxd2 g4 13. Nc4 e4 14. Nd2 h5 15. c4
h4 16. Rfd1 Qg5 17. Nb1 Nf6 18. Nc3 Qh5 19. Ne2 Bh6 20. d5 Nd7 21. Nf4 Bxf4 22.
exf4 Nc5 23. b4 Nd3 24. Rxd3 exd3 25. Qxd3 Bd7 26. Qd4 Qh6 27. Rc1 Rf7 28. c5
hxg3 29. fxg3 Rh7 30. c6 Qxh2+ 31. Kf2 Re8 32. cxd7 Rxd7 33. Rc2 Rde7 34. a4
Qh6 35. Bc3 Re4 36. Bxe4 Rxe4 37. Qg7+ Qxg7 38. Bxg7 Kxg7 39. Rxc7+ Kf6 40.
Rxb7 Rd4 41. Ke3 Re4+ 42. Kf2 a5 43. bxa5 Rxa4 44. Rd7 Rxa5 45. Rxd6+ Kf7 46.
Rd7+ Kf6 47. Rd6+ Kf7 48. Rd7+ Kf6 1/2-1/2

[Event "XII C.to NATO"]
[Site "Sanremo ITA"]
[Date "2001.10.08"]
[Round "1"]
[White "Van Zandwijk, Jan-Peter"]
[Black "Teodonio, Fabrizio"]
[Result "1-0"]
[WhiteElo "2261"]
[BlackElo "1907"]
[PlyCount "67"]
[EventDate "2001.10.08"]

1. e4 c5 2. Nf3 Nc6 3. Bb5 e6 4. O-O Nge7 5. b3 Nd4 6. Nxd4 cxd4 7. Bb2 Nc6 8.
c3 Bc5 9. cxd4 Nxd4 10. Nc3 Qg5 11. Bd3 a6 12. Kh1 b5 13. Ne2 Nxe2 14. Bxe2 Bb7
15. d4 Bb6 16. Bf3 O-O 17. d5 exd5 18. exd5 d6 19. Qd3 Rac8 20. g3 f5 21. Rae1
Rce8 22. Re6 Rxe6 23. dxe6 Bxf3+ 24. Qxf3 f4 25. gxf4 Qxf4 26. Qxf4 Rxf4 27.
Re1 Kf8 28. Bxg7+ Ke7 29. Bh6 Rxf2 30. Bg5+ Ke8 31. Rc1 Bc5 32. b4 Rf5 33. bxc5
dxc5 34. Kg2 1-0

[Event "XII C.to NATO"]
[Site "Sanremo ITA"]
[Date "2001.10.09"]
[Round "2"]
[White "Nielsen, Henrik Lindholt"]
[Black "Deleyn, Gunter"]
[Result "0-1"]
[WhiteElo "2035"]
[BlackElo "2228"]
[PlyCount "80"]
[EventDate "2001.10.08"]

1. d4 Nf6 2. Nf3 e6 3. Bf4 b6 4. e3 Be7 5. h3 O-O 6. Bd3 c5 7. c3 Ba6 8. Bxa6
Nxa6 9. Qe2 Qc8 10. Nbd2 Qb7 11. O-O Rac8 12. Nc4 Ne4 13. Nfd2 Nxd2 14. Nxd2 b5
15. a3 Nb8 16. Qf3 d5 17. Qg3 Rfd8 18. Bh6 Bf8 19. f4 Kh8 20. Bg5 f6 21. Bh4 b4
22. Qg4 bxc3 23. bxc3 Qb2 24. Nf3 Qxc3 25. Qxe6 Rc6 26. Qf7 Qxe3+ 27. Kh1 Qxf4
28. Ne5 Qxh4 29. Nxc6 Nxc6 30. Qc7 Qxd4 31. Qxc6 c4 32. Rae1 Qb6 33. Qa4 c3 34.
Re8 Rxe8 35. Qxe8 Qd6 36. Rb1 Kg8 37. Rb7 h6 38. Qf7+ Kh7 39. Rd7 c2 40. Rc7
Qg3 0-1

[Event "XII C.to NATO"]
[Site "Sanremo ITA"]
[Date "2001.10.09"]
[Round "2"]
[White "Nill, Oliver"]
[Black "Donati, Roberto"]
[Result "0-1"]
[WhiteElo "2202"]
[BlackElo "1900"]
[PlyCount "56"]
[EventDate "2001.10.08"]

1. c4 e5 2. Nc3 Nc6 3. g3 g6 4. Bg2 Bg7 5. d3 Nge7 6. Nf3 d6 7. O-O O-O 8. Rb1
a5 9. a3 Bg4 10. b4 axb4 11. axb4 Qc8 12. Re1 f5 13. Nd5 Nxd5 14. cxd5 Bxf3 15.
Bxf3 Nd4 16. Bg2 f4 17. e3 fxe3 18. Bxe3 Nf5 19. Rc1 Nxe3 20. fxe3 Bh6 21. Qe2
Ra4 22. Rc4 Qa8 23. Rxc7 Ra2 24. Qg4 Bxe3+ 25. Rxe3 Ra1+ 26. Bf1 Raxf1+ 27. Kg2
Qa2+ 28. Kh3 Qxh2+ 0-1

[Event "XII C.to NATO"]
[Site "Sanremo ITA"]
[Date "2001.10.09"]
[Round "2"]
[White "Pribe, Viktor"]
[Black "Bontempi, Piero"]
[Result "0-1"]
[WhiteElo "2099"]
[BlackElo "2302"]
[PlyCount "60"]
[EventDate "2001.10.08"]

1. e4 c5 2. Nf3 d6 3. d4 cxd4 4. Nxd4 Nf6 5. Nc3 g6 6. f3 Bg7 7. Be3 Nc6 8. Qd2
O-O 9. O-O-O Nxd4 10. Bxd4 Be6 11. Kb1 Qc7 12. g4 Rfc8 13. h4 Qa5 14. a3 Rab8
15. Nd5 Qxd2 16. Nxf6+ Bxf6 17. Rxd2 Bxd4 18. Rxd4 Rc5 19. Be2 Rbc8 20. c3 Kg7
21. f4 h6 22. Re1 g5 23. f5 Bd7 24. Rd5 Bc6 25. Rxc5 Bxe4+ 26. Kc1 Rxc5 27. Kd2
gxh4 28. Bd3 Bf3 29. Rxe7 h3 30. Be4 Rd5+ 0-1

[Event "XII C.to NATO"]
[Site "Sanremo ITA"]
[Date "2001.10.09"]
[Round "2"]
[White "Schenk, Andreas"]
[Black "Toll, Alec J."]
[Result "1-0"]
[WhiteElo "2443"]
[BlackElo "2102"]
[PlyCount "63"]
[EventDate "2001.10.08"]

1. d4 e6 2. c4 f5 3. Nc3 Nf6 4. a3 Be7 5. Nf3 O-O 6. Qc2 d5 7. Bf4 c6 8. e3 Bd7
9. Bd3 Ne4 10. h3 Be8 11. Ne5 Nd7 12. g4 Qa5 13. O-O Rc8 14. b4 Qd8 15. c5 g5
16. Bh2 Bf6 17. Ne2 Bg7 18. f3 Nxe5 19. dxe5 Bg6 20. Qb2 fxg4 21. fxe4 Rf3 22.
hxg4 Rxe3 23. Qd2 Rh3 24. Rad1 dxe4 25. Bc4 Qxd2 26. Bxe6+ Kh8 27. Rxd2 Re8 28.
Bd7 Re7 29. e6 e3 30. Rdd1 Bc2 31. Bd6 Bxd1 32. Rxd1 1-0

[Event "XII C.to NATO"]
[Site "Sanremo ITA"]
[Date "2001.10.09"]
[Round "2"]
[White "Tommasini, Enzo"]
[Black "Cooper, Lawrence H."]
[Result "1/2-1/2"]
[WhiteElo "2104"]
[BlackElo "2362"]
[PlyCount "123"]
[EventDate "2001.10.08"]

1. d4 Nf6 2. Nf3 d5 3. c4 dxc4 4. e3 e6 5. Bxc4 a6 6. O-O c5 7. a4 Nc6 8. Nc3
cxd4 9. exd4 Be7 10. Re1 O-O 11. Bg5 Nb4 12. Qe2 Nfd5 13. Nxd5 Nxd5 14. Bxd5
Bxg5 15. Be4 Bf6 16. Red1 Rb8 17. Ne5 g6 18. Ra3 Qd6 19. f4 b5 20. axb5 Rxb5
21. g3 Qb6 22. Qe3 Rd8 23. Rc3 Bb7 24. Bxb7 Qxb7 25. b3 Rb8 26. Nc6 Rc8 27.
Rdc1 Kg7 28. h4 Qb6 29. Ne5 Rd8 30. Rd1 h5 31. Rdd3 Rbd5 32. Rc4 Rb8 33. Kg2
Rb5 34. Nc6 Rc8 35. Ne5 Rxc4 36. bxc4 Rb2+ 37. Rd2 a5 38. c5 Qb4 39. Rxb2 Qxb2+
40. Qf2 Qc3 41. Qa2 Qxd4 42. Qxa5 Qd5+ 43. Nf3 Qc4 44. Qa3 Qc2+ 45. Kh3 Qe4 46.
Kg2 Qe2+ 47. Kg1 Qc4 48. Ne5 Qd4+ 49. Kh2 Be7 50. Nd3 Qc4 51. Qa7 Qc2+ 52. Kg1
Qd1+ 53. Kg2 Qe2+ 54. Nf2 Bf6 55. c6 Qc4 56. c7 Qc6+ 57. Kh2 Qc2 58. Kg1 Qc1+
59. Kg2 Qc6+ 60. Kg1 Qc1+ 61. Kg2 Qc6+ 62. Kg1 1/2-1/2

[Event "XII C.to NATO"]
[Site "Sanremo ITA"]
[Date "2001.10.09"]
[Round "3"]
[White "Bellardi, Michel"]
[Black "Tommasini, Enzo"]
[Result "0-1"]
[WhiteElo "2082"]
[BlackElo "2104"]
[PlyCount "44"]
[EventDate "2001.10.08"]

1. e4 e6 2. d4 d5 3. Nc3 Nf6 4. Bg5 Bb4 5. e5 h6 6. Bd2 Bxc3 7. Bxc3 Ne4 8. Bd3
Nxc3 9. bxc3 c5 10. f4 Nc6 11. Nf3 Qa5 12. Qd2 b6 13. Be2 Ba6 14. Bxa6 Qxa6 15.
g4 Na5 16. f5 Rc8 17. fxe6 fxe6 18. g5 Rc7 19. Qf4 Qc4 20. Qd2 O-O 21. Rf1 Rcf7
22. Qe3 Qxf1+ 0-1

[Event "XII C.to NATO"]
[Site "Sanremo ITA"]
[Date "2001.10.09"]
[Round "3"]
[White "Bontempi, Piero"]
[Black "Tia, Rudy jr"]
[Result "1-0"]
[WhiteElo "2302"]
[BlackElo "2206"]
[PlyCount "101"]
[EventDate "2001.10.08"]

1. e4 d6 2. d4 Nf6 3. Nc3 g6 4. f3 c6 5. Be3 b5 6. Qd2 Nbd7 7. Bd3 a6 8. Nge2
Bb7 9. g4 Nb6 10. Ng3 Qc7 11. Qf2 Bg7 12. h4 Nfd7 13. h5 Rg8 14. hxg6 hxg6 15.
Rh7 Rc8 16. Nce2 c5 17. c3 Na4 18. Rb1 cxd4 19. cxd4 e5 20. Qh2 Nf8 21. Rh3 Ne6
22. d5 Nd4 23. Nxd4 exd4 24. Bh6 Be5 25. Bd2 Nc5 26. Bf1 Qe7 27. Kf2 Kd7 28. f4
Bg7 29. Re1 Na4 30. b3 Rc2 31. bxa4 Rxd2+ 32. Re2 Rd1 33. Kf3 d3 34. Rd2 Rc1
35. Bxd3 Rgc8 36. g5 bxa4 37. Rh7 Bd4 38. Ne2 Rf1+ 39. Kg3 Rf2 40. Qh3+ Kd8 41.
Rh8+ Kc7 42. Rc2+ Bc5 43. Rxc5+ dxc5 44. Kxf2 c4 45. Bc2 Qc5+ 46. Kf1 a3 47.
Rxc8+ Bxc8 48. Qc3 Bg4 49. Bd3 Qe3 50. Qxc4+ Kd8 51. e5 1-0

[Event "XII C.to NATO"]
[Site "Sanremo ITA"]
[Date "2001.10.09"]
[Round "3"]
[White "Cooper, Lawrence H."]
[Black "Wantiez, Fabrice"]
[Result "1-0"]
[WhiteElo "2362"]
[BlackElo "2222"]
[PlyCount "63"]
[EventDate "2001.10.08"]

1. e4 e5 2. Nf3 Nc6 3. Bb5 a6 4. Ba4 Nf6 5. O-O Be7 6. Re1 b5 7. Bb3 d6 8. c3
O-O 9. d3 Na5 10. Bc2 c5 11. Nbd2 Re8 12. Nf1 Bf8 13. Bg5 h6 14. Bh4 g6 15. d4
Qe7 16. Ne3 Qe6 17. Nd5 Nxd5 18. exd5 Qg4 19. dxe5 dxe5 20. h3 Qh5 21. g4 Bxg4
22. hxg4 Qxg4+ 23. Bg3 e4 24. Ne5 Qg5 25. Rxe4 f5 26. Nf3 Qf6 27. Rxe8 Rxe8 28.
Qd3 Nc4 29. b3 Nb2 30. Qd2 f4 31. Qxf4 Qxc3 32. Bxg6 1-0

[Event "XII C.to NATO"]
[Site "Sanremo ITA"]
[Date "2001.10.09"]
[Round "3"]
[White "Deleyn, Gunter"]
[Black "Schott, Guido"]
[Result "1-0"]
[WhiteElo "2228"]
[BlackElo "2118"]
[PlyCount "69"]
[EventDate "2001.10.08"]

1. c4 c5 2. g3 Nf6 3. Bg2 d5 4. cxd5 Nxd5 5. Nc3 Nc7 6. f4 Nc6 7. Bxc6+ bxc6 8.
Qa4 Bb7 9. Nf3 e6 10. O-O Be7 11. d3 O-O 12. Be3 Nd5 13. Bf2 Nb6 14. Qb3 Ba6
15. Qa3 Bb7 16. Bxc5 Bxc5+ 17. Qxc5 Nd7 18. Qd4 c5 19. Qd6 Rc8 20. Ne5 Nxe5 21.
Qxd8 Rfxd8 22. fxe5 c4 23. dxc4 Rxc4 24. Rad1 Rxd1 25. Rxd1 Kf8 26. Rd7 Rb4 27.
b3 a5 28. Rc7 Rb6 29. Na4 Rb5 30. Nc5 Bd5 31. e4 Bxe4 32. Nxe4 Rb8 33. Nd6 f6
34. Rf7+ Kg8 35. Ra7 1-0

[Event "XII C.to NATO"]
[Site "Sanremo ITA"]
[Date "2001.10.09"]
[Round "3"]
[White "Donati, Roberto"]
[Black "Helbig, Mark"]
[Result "1-0"]
[WhiteElo "1900"]
[BlackElo "2228"]
[PlyCount "52"]
[EventDate "2001.10.08"]

1. e4 g6 2. d4 Bg7 3. Nf3 d6 4. Be2 Bg4 5. c3 Nf6 6. Nbd2 O-O 7. O-O Nc6 8. h3
Bxf3 9. Bxf3 e5 10. Nc4 exd4 11. cxd4 Nxe4 12. d5 Qh4 13. dxc6 bxc6 14. Qc2 f5
15. Ne3 c5 16. Nd5 Rf7 17. Nc3 Re8 18. Nxe4 fxe4 19. Be2 Kh8 20. Be3 Bd4 21.
Rad1 Qf6 22. b3 Be5 23. Bb5 Ree7 24. Bc6 g5 25. Bxe4 g4 26. hxg4 Qh4 1-0

[Event "XII C.to NATO"]
[Site "Sanremo ITA"]
[Date "2001.10.09"]
[Round "3"]
[White "Falbo, Sandro"]
[Black "Schenk, Andreas"]
[Result "1/2-1/2"]
[WhiteElo "2211"]
[BlackElo "2443"]
[PlyCount "101"]
[EventDate "2001.10.08"]

1. d4 Nf6 2. c4 e6 3. Nc3 Bb4 4. e3 O-O 5. Nf3 c5 6. Bd3 d5 7. a3 Bxc3+ 8. bxc3
dxc4 9. Bxc4 Nc6 10. O-O Qc7 11. Qe2 e5 12. h3 e4 13. Nd2 Re8 14. Bb2 Qb6 15.
Rab1 a6 16. Nb3 Qa7 17. a4 b6 18. Ba3 Bd7 19. Qa2 Qc7 20. Nxc5 bxc5 21. Bxf7+
Kh8 22. Bxe8 Bxe8 23. Bxc5 Bf7 24. Qa3 Bc4 25. Rfc1 Rc8 26. Bb6 Qd7 27. a5 h6
28. Rb2 Ne7 29. Bc5 Ng6 30. Qb4 Qd5 31. Qb7 Qf5 32. Bd6 Kh7 33. Rb6 Rd8 34. Qc7
Rc8 35. Qb7 Be2 36. Rxa6 Rd8 37. Ra7 Nh5 38. Qc7 Rg8 39. Bg3 Rf8 40. Qd6 Qg5
41. c4 Rf6 42. Qc7 Bd3 43. Kh2 Nh4 44. Rg1 Nf5 45. Bf4 Qg6 46. Rb7 Nxd4 47. Rb6
Ne6 48. Qe5 Bxc4 49. Bg3 Rf7 50. Rc1 Rf5 51. Qd6 1/2-1/2

[Event "XII C.to NATO"]
[Site "Sanremo ITA"]
[Date "2001.10.09"]
[Round "3"]
[White "Teodonio, Fabrizio"]
[Black "Mottais, Francois"]
[Result "1/2-1/2"]
[WhiteElo "1907"]
[BlackElo "2180"]
[PlyCount "81"]
[EventDate "2001.10.08"]

1. e4 c5 2. c3 d6 3. d4 Nf6 4. Bd3 Nc6 5. Ne2 g6 6. h3 Bg7 7. O-O O-O 8. Be3 c4
9. Bc2 a6 10. b4 b5 11. Ng3 e5 12. d5 Ne7 13. a4 Rb8 14. a5 Nd7 15. f4 exf4 16.
Bxf4 Ne5 17. Be3 Bd7 18. Bd4 Qc8 19. Qe2 f5 20. Nd2 fxe4 21. Rxf8+ Qxf8 22. Rf1
Nf5 23. Ndxe4 Qe7 24. Nxf5 Bxf5 25. Ng3 Bxc2 26. Qxc2 Nd3 27. Bxg7 Qe3+ 28. Kh2
Kxg7 29. Qe2 Re8 30. Qg4 Qe5 31. Qf3 Qe7 32. Qg4 Kh8 33. Qf3 Kg7 34. Qg4 Kh8
35. Qf3 Ne5 36. Qf6+ Kg8 37. Ne4 Ng4+ 38. hxg4 Qxe4 39. Qf7+ Kh8 40. Qf6+ Kg8
41. Qf7+ 1/2-1/2

[Event "XII C.to NATO"]
[Site "Sanremo ITA"]
[Date "2001.10.10"]
[Round "4"]
[White "Benedetti, Fabrizio"]
[Black "Cooper, Lawrence H."]
[Result "1/2-1/2"]
[WhiteElo "2220"]
[BlackElo "2362"]
[PlyCount "28"]
[EventDate "2001.10.08"]

1. e4 e5 2. Nf3 Nc6 3. Bb5 a6 4. Ba4 Nf6 5. O-O Be7 6. Bxc6 dxc6 7. d3 Nd7 8.
Nbd2 O-O 9. Nc4 f6 10. b3 Nc5 11. Bb2 Ne6 12. a3 c5 13. Bc1 Bd6 14. Nh4 Rf7
1/2-1/2

[Event "XII C.to NATO"]
[Site "Sanremo ITA"]
[Date "2001.10.10"]
[Round "4"]
[White "Mai, Philipp"]
[Black "Donati, Roberto"]
[Result "0-1"]
[WhiteElo "2274"]
[BlackElo "1900"]
[PlyCount "90"]
[EventDate "2001.10.08"]

1. e4 c5 2. Nf3 d6 3. d4 cxd4 4. Nxd4 Nf6 5. Nc3 e6 6. Be3 a6 7. f3 Be7 8. Qd2
Nc6 9. g4 O-O 10. g5 Nd7 11. h4 Nde5 12. Be2 Nxd4 13. Qxd4 b5 14. f4 Nc6 15.
Qd2 Bb7 16. Bf3 Na5 17. b3 Rc8 18. O-O-O Qc7 19. Ne2 d5 20. e5 d4 21. Nxd4 Bxf3
22. Nxf3 Ba3+ 23. Kb1 Nc4 24. bxc4 bxc4 25. Nd4 Rb8+ 26. Nb3 cxb3 27. axb3 Rfc8
28. Rh2 a5 29. Qd7 Qc3 30. Qd4 Qc6 31. Bc1 Bc5 32. Qd7 Qe4 33. Qd3 Qb7 34. Bb2
a4 35. Rh3 axb3 36. Qxb3 Qe4 37. Qf3 Qa4 38. Rd3 Bd4 39. Rb3 Bxb2 40. Kxb2 Ra8
41. Kc1 Qd4 42. Rb1 Ra2 43. Qc3 Qg1+ 44. Kd2 Qf2+ 45. Kd1 Rxc2 0-1

[Event "XII C.to NATO"]
[Site "Sanremo ITA"]
[Date "2001.10.10"]
[Round "4"]
[White "Nill, Oliver"]
[Black "Teodonio, Fabrizio"]
[Result "1-0"]
[WhiteElo "2202"]
[BlackElo "1907"]
[PlyCount "113"]
[EventDate "2001.10.08"]

1. c4 g6 2. Nc3 Bg7 3. g3 e5 4. Bg2 Ne7 5. d3 Nbc6 6. e4 d6 7. Nge2 Bg4 8. O-O
Qd7 9. Be3 O-O 10. Qd2 Bh3 11. d4 Bxg2 12. Kxg2 f5 13. d5 Na5 14. Qd3 b6 15. f3
Nb7 16. b4 c5 17. dxc6 Qxc6 18. Nd5 Nxd5 19. Qxd5+ Qxd5 20. cxd5 fxe4 21. fxe4
Rxf1 22. Rxf1 Rc8 23. Rc1 Rxc1 24. Nxc1 Kf7 25. Nd3 Bf6 26. Kf3 Bd8 27. Ke2 Ke8
28. Kd2 Kd7 29. b5 Nc5 30. Bxc5 bxc5 31. Nb2 h5 32. Nc4 Kc7 33. a4 g5 34. Kd3
g4 35. a5 Be7 36. Ne3 Bf8 37. Nf5 Kb7 38. Ne3 Kc7 39. Nc4 Kb7 40. a6+ Kc7 41.
Ke2 Be7 42. Kf1 Bf8 43. Kg2 Be7 44. h3 Bf8 45. hxg4 hxg4 46. Kf2 Be7 47. Ke2
Bf8 48. Kd3 Be7 49. Ne3 Bg5 50. Nxg4 Bd8 51. Ne3 Kb6 52. Kc4 Kc7 53. Nf5 Kd7
54. g4 Bc7 55. g5 Ke8 56. b6 Bxb6 57. Nxd6+ 1-0

[Event "XII C.to NATO"]
[Site "Sanremo ITA"]
[Date "2001.10.11"]
[Round "5"]
[White "Donati, Roberto"]
[Black "Baudin, Frederic"]
[Result "1/2-1/2"]
[WhiteElo "1900"]
[BlackElo "2132"]
[PlyCount "36"]
[EventDate "2001.10.08"]

1. c4 c5 2. Nc3 Nf6 3. g3 e6 4. Bg2 Nc6 5. d3 d5 6. cxd5 Nxd5 7. Nh3 Be7 8.
Nxd5 exd5 9. Nf4 d4 10. O-O O-O 11. Nd5 Be6 12. Nxe7+ Qxe7 13. Re1 Rfd8 14. Qa4
Bd5 15. Bf4 Bxg2 16. Kxg2 Rac8 17. Rac1 b6 18. a3 Qb7 1/2-1/2

[Event "XII C.to NATO"]
[Site "Sanremo ITA"]
[Date "2001.10.11"]
[Round "5"]
[White "Lebel, Patrick"]
[Black "Schott, Guido"]
[Result "1-0"]
[WhiteElo "2168"]
[BlackElo "2118"]
[PlyCount "65"]
[EventDate "2001.10.08"]

1. d4 d5 2. Nf3 Nf6 3. e3 Bf5 4. c4 e6 5. Nc3 Be7 6. Bd3 Bxd3 7. Qxd3 dxc4 8.
Qxc4 O-O 9. O-O Nbd7 10. Qb3 Nb6 11. Rd1 c6 12. e4 Qc7 13. Bg5 h6 14. Bh4 Nh5
15. Bxe7 Qxe7 16. a4 Rad8 17. a5 Nc8 18. a6 b6 19. Re1 Nf4 20. Rad1 c5 21. g3
cxd4 22. Nxd4 Qc5 23. Ncb5 Qg5 24. Kf1 Nh3 25. f4 Qg6 26. Nc6 Rxd1 27. Qxd1 Qf6
28. e5 Qf5 29. Nd6 Nxd6 30. Ne7+ Kh8 31. Nxf5 Nxf5 32. Kg2 Ng1 33. Kxg1 1-0

[Event "XII C.to NATO"]
[Site "Sanremo ITA"]
[Date "2001.10.11"]
[Round "5"]
[White "Tommasini, Enzo"]
[Black "Mai, Philipp"]
[Result "0-1"]
[WhiteElo "2104"]
[BlackElo "2274"]
[PlyCount "140"]
[EventDate "2001.10.08"]

1. d4 Nf6 2. Nf3 c5 3. d5 e6 4. c4 exd5 5. cxd5 d6 6. Nc3 g6 7. Nd2 a6 8. a4
Bg7 9. e4 O-O 10. Be2 Nbd7 11. O-O Re8 12. Re1 Ne5 13. f4 Neg4 14. Bf3 Nxe4 15.
Ncxe4 Bd4+ 16. Kh1 Qh4 17. Bxg4 Bxg4 18. Nf3 Bxf3 19. gxf3 f5 20. Ng3 Bf2 21.
Rg1 Bxg1 22. Kxg1 Qf6 23. Ra3 Re7 24. Nf1 Rae8 25. Re3 Rxe3 26. Nxe3 Qd4 27.
Qxd4 cxd4 28. Nf1 Re2 29. Bd2 b6 30. b4 Kf7 31. Kh1 Rf2 32. Kg1 Rxf3 33. Kg2
Ra3 34. a5 bxa5 35. bxa5 Rb3 36. Kf2 Rb5 37. Ke2 Rxd5 38. Kd3 Ke6 39. h4 Rb5
40. Kxd4 Rb1 41. Nh2 Rh1 42. Nf3 h6 43. Be1 Rh3 44. Ng1 Ra3 45. Bc3 Ra4+ 46.
Ke3 Kd5 47. Bd2 Ra3+ 48. Kf2 Ke4 49. Ke2 d5 50. Bb4 Rg3 51. Kf2 Rg4 52. Bd6
Rxh4 53. Nf3 Rh1 54. Be5 Kd3 55. Nd4 Rh2+ 56. Kg3 Ra2 57. Nc6 Kc4 58. Bc7 d4
59. Ne5+ Kc3 60. Nf3 d3 61. Be5+ Kc4 62. Bg7 d2 63. Nxd2+ Rxd2 64. Bxh6 Kb5 65.
Bg7 Rd3+ 66. Kh4 Kxa5 67. Kg5 Rg3+ 68. Kf6 g5 69. fxg5 f4 70. Kf5 f3 0-1

[Event "XII C.to NATO"]
[Site "Sanremo ITA"]
[Date "2001.10.11"]
[Round "5"]
[White "Van Zandwijk, Jan-Peter"]
[Black "Tia, Rudy jr"]
[Result "1-0"]
[WhiteElo "2261"]
[BlackElo "2206"]
[PlyCount "81"]
[EventDate "2001.10.08"]

1. e4 d6 2. d4 Nf6 3. Nc3 g6 4. Be3 c6 5. h3 Bg7 6. f4 b5 7. Bd3 a6 8. Nf3 Nbd7
9. O-O Nb6 10. f5 Qc7 11. Bf4 O-O 12. Qe1 c5 13. dxc5 Qxc5+ 14. Be3 Qc7 15. Qh4
Bb7 16. Ng5 Rfe8 17. fxg6 hxg6 18. e5 dxe5 19. Nce4 Nbd5 20. Bd2 Qb6+ 21. Kh1
a5 22. Nxf7 Kxf7 23. Ng5+ Kg8 24. Bxg6 Nf4 25. Bxf4 exf4 26. Rxf4 Bd5 27. Raf1
Qc6 28. R4f2 Red8 29. Bh7+ Kf8 30. Bd3 Bg8 31. Be4 Qc4 32. b3 Qd4 33. Qh5 Ra6
34. Bh7 Qd5 35. Rf5 Qd7 36. Bxg8 Kxg8 37. Qf7+ Kh8 38. R5f4 Nh7 39. Rh4 Rh6 40.
Rxh6 Bxh6 41. Qxh7# 1-0

[Event "XII C.to NATO"]
[Site "Sanremo ITA"]
[Date "2001.10.11"]
[Round "6"]
[White "Helbig, Mark"]
[Black "Bellardi, Michel"]
[Result "1-0"]
[WhiteElo "2228"]
[BlackElo "2082"]
[PlyCount "107"]
[EventDate "2001.10.08"]

1. d4 Nf6 2. c4 g6 3. Nf3 Bg7 4. g3 c6 5. Bg2 d5 6. O-O O-O 7. cxd5 cxd5 8. Qb3
Nc6 9. Nc3 b6 10. Bf4 Bb7 11. Rfd1 Rc8 12. Rac1 e6 13. Qa3 Na5 14. b3 a6 15.
Na4 Rxc1 16. Rxc1 Nc6 17. Qd6 Qxd6 18. Bxd6 Rd8 19. Bc7 Rc8 20. Bxb6 Nd7 21. a3
Bf8 22. Ra1 Ncb8 23. Ba5 Rc2 24. Ne1 Rc8 25. e3 Nc6 26. Bd2 Na7 27. Bf1 Nf6 28.
f3 Nd7 29. b4 e5 30. Nc5 Nxc5 31. dxc5 Nc6 32. Rb1 d4 33. e4 Kg7 34. Bc4 Ne7
35. Nd3 f6 36. Kf2 g5 37. g4 Kg6 38. Bc1 h5 39. h3 hxg4 40. hxg4 Bg7 41. a4 Ra8
42. b5 axb5 43. axb5 Bf8 44. Bd2 Ra3 45. Bb4 Ra4 46. Ke2 Ra8 47. Rb2 Ra1 48.
Ra2 Rh1 49. Ra7 Rh2+ 50. Kf1 Bc8 51. c6 Rc2 52. Bb3 Nxc6 53. bxc6 Rxc6 54. Bxf8
1-0

[Event "XII C.to NATO"]
[Site "Sanremo ITA"]
[Date "2001.10.11"]
[Round "6"]
[White "Mottais, Francois"]
[Black "Falbo, Sandro"]
[Result "1/2-1/2"]
[WhiteElo "2180"]
[BlackElo "2211"]
[PlyCount "47"]
[EventDate "2001.10.08"]

1. d4 Nf6 2. c4 e6 3. Nc3 Bb4 4. a3 Bxc3+ 5. bxc3 O-O 6. Nf3 c5 7. g3 Qa5 8.
Bd2 Ne4 9. Qc2 Nxd2 10. Nxd2 d6 11. Bg2 e5 12. O-O Nc6 13. Ne4 cxd4 14. Nxd6
Qc5 15. Nxc8 Raxc8 16. Qa4 dxc3 17. e3 Na5 18. Rfc1 Nxc4 19. Rxc3 b5 20. Qa6
Qb6 21. Qxb6 Nxb6 22. Rb3 Rc5 23. Rab1 Rfc8 24. Rxb5 1/2-1/2

[Event "XII C.to NATO"]
[Site "Sanremo ITA"]
[Date "2001.10.11"]
[Round "6"]
[White "Schenk, Andreas"]
[Black "Donati, Roberto"]
[Result "1-0"]
[WhiteElo "2443"]
[BlackElo "1900"]
[PlyCount "65"]
[EventDate "2001.10.08"]

1. d4 Nf6 2. Bg5 Ne4 3. Bf4 e6 4. f3 Nf6 5. e4 d5 6. Nc3 Bb4 7. a3 Bxc3+ 8.
bxc3 dxe4 9. fxe4 Nxe4 10. Qf3 Nd6 11. Bd3 Nc6 12. Qg3 Kf8 13. Nf3 Ne7 14. O-O
Ndf5 15. Qh3 Ng6 16. Bg5 f6 17. Bd2 h5 18. Rae1 Qd6 19. Re4 Qxa3 20. c4 a5 21.
c5 Qa2 22. Re2 Qa4 23. c4 Qd7 24. d5 exd5 25. Ne5 Nxe5 26. Bxf5 Qe7 27. Bxc8
Qxc5+ 28. Kh1 Qxc4 29. Ree1 Qd4 30. Bc3 Qd3 31. Bxe5 Qxh3 32. Bxh3 c5 33. Bd6+
1-0

[Event "XII C.to NATO"]
[Site "Sanremo ITA"]
[Date "2001.10.12"]
[Round "7"]
[White "Benedetti, Fabrizio"]
[Black "Mottais, Francois"]
[Result "1-0"]
[WhiteElo "2220"]
[BlackElo "2180"]
[PlyCount "61"]
[EventDate "2001.10.08"]

1. e4 c5 2. Nf3 d6 3. d4 cxd4 4. Qxd4 a6 5. c4 Nc6 6. Qd1 g6 7. Be2 Bg7 8. O-O
Nf6 9. Nc3 O-O 10. Bg5 h6 11. Bf4 g5 12. Bc1 Bg4 13. Nd2 Qd7 14. Nd5 Bxe2 15.
Nxf6+ Bxf6 16. Qxe2 Ne5 17. Rb1 Ng6 18. g3 Qh3 19. f3 Kg7 20. Rd1 h5 21. Nf1
Ne5 22. f4 gxf4 23. gxf4 Nxc4 24. Rd3 Qh4 25. Rg3+ Kh8 26. Qxc4 Rg8 27. Qe2
Rac8 28. Be3 e5 29. f5 d5 30. exd5 e4 31. Rd1 1-0

[Event "XII C.to NATO"]
[Site "Sanremo ITA"]
[Date "2001.10.12"]
[Round "7"]
[White "Cooper, Lawrence H."]
[Black "Van Zandwijk, Jan-Peter"]
[Result "1/2-1/2"]
[WhiteElo "2362"]
[BlackElo "2261"]
[PlyCount "41"]
[EventDate "2001.10.08"]

1. e4 Nf6 2. e5 Nd5 3. d4 d6 4. c4 Nb6 5. exd6 cxd6 6. Nc3 g6 7. h3 Bg7 8. Nf3
O-O 9. Be2 Nc6 10. O-O Bf5 11. Bf4 h6 12. b3 d5 13. c5 Nc8 14. b4 g5 15. Be3 e6
16. Qa4 Be4 17. b5 N6e7 18. Nd2 Bg6 19. f3 Nf5 20. Bf2 Qc7 21. Nb3 1/2-1/2

[Event "XII C.to NATO"]
[Site "Sanremo ITA"]
[Date "2001.10.12"]
[Round "7"]
[White "Wantiez, Fabrice"]
[Black "Mai, Philipp"]
[Result "0-1"]
[WhiteElo "2222"]
[BlackElo "2274"]
[PlyCount "92"]
[EventDate "2001.10.08"]

1. e4 c5 2. Nf3 d6 3. d4 cxd4 4. Nxd4 Nf6 5. Nc3 a6 6. Bg5 e6 7. Qf3 Be7 8. Qg3
Qa5 9. Bd2 Qb6 10. Nb3 Nc6 11. f4 O-O 12. e5 dxe5 13. fxe5 Nh5 14. Qf3 g6 15.
g4 Nxe5 16. Qe2 Bh4+ 17. Kd1 Nf6 18. Qxe5 Nxg4 19. Qc5 Nf2+ 20. Ke2 Qxc5 21.
Nxc5 Nxh1 22. Bg2 Ng3+ 23. hxg3 Bxg3 24. a4 Rb8 25. N3e4 Be5 26. Nd3 Bg7 27.
Bf4 e5 28. Nxe5 Bf5 29. Nd6 Bxe5 30. Bxe5 Rbe8 31. Nxe8 Rxe8 32. Bxb7 Rxe5+ 33.
Kd2 a5 34. b4 Re7 35. Bc6 axb4 36. a5 Rc7 37. Ba4 Ra7 38. Bb3 h5 39. a6 h4 40.
Ke3 h3 41. Kd4 h2 42. Bc4 Bxc2 43. Rh1 Rd7+ 44. Kc5 b3 45. Kc6 Be4+ 46. Kxd7
Bxh1 0-1

[Event "XIII Festival A"]
[Site "Lucca ITA"]
[Date "2001.10.??"]
[Round "1"]
[White "Bondielli, Giorgio"]
[Black "Bardi, Massimo"]
[Result "0-1"]
[WhiteElo "2006"]
[BlackElo "1791"]
[PlyCount "118"]
[EventDate "2001.10.06"]

1. e4 c5 2. d4 cxd4 3. c3 d3 4. Bxd3 Nc6 5. Nf3 g6 6. O-O Bg7 7. Bf4 d6 8. Qe2
Nf6 9. Rd1 Bd7 10. Nbd2 O-O 11. Nf1 Ng4 12. Bc2 Qc8 13. Rac1 Be6 14. a3 Nce5
15. Nxe5 Nxe5 16. Ne3 Nc4 17. Bb1 Nxe3 18. Qxe3 Rd8 19. e5 Bb3 20. Re1 d5 21.
e6 Qxe6 22. Qxe6 fxe6 23. Rxe6 Bf6 24. Re3 Rac8 25. Rce1 Kf7 26. Be5 Re8 27.
Bd3 a6 28. Be2 Bxe5 29. Rxe5 Rcd8 30. Bg4 d4 31. cxd4 Rxd4 32. Bf3 Rd7 33. h4
e6 34. h5 Bd5 35. hxg6+ hxg6 36. Bg4 Kf6 37. Bh3 Ree7 38. g4 g5 39. R1e2 Bf3
40. Re1 Rd4 41. Kh2 Bxg4 42. Bg2 Rd2 43. Kg3 Bf5 44. b4 Rd3+ 45. R1e3 Red7 46.
Rxd3 Rxd3+ 47. Re3 Rxe3+ 48. fxe3 b6 49. e4 Bg6 50. Kf3 Ke5 51. Ke3 g4 52. Kd3
Be8 53. Ke3 Bb5 54. Bh1 Bf1 55. Kf2 Bh3 56. Kg3 b5 57. Kh4 Kf4 58. e5 Bf1 59.
Bb7 g3 0-1